[Event "Weekend 1N"]
[Site "Lovere ITA"]
[Date "1997.02.23"]
[Round "5"]
[White "Barazzetta, Massimo"]
[Black "Bosio, Devis"]
[Result "1-0"]
[WhiteElo "1752"]
[BlackElo "1999"]
[PlyCount "101"]
[EventDate "1997.02.??"]

1. e4 c6 2. d4 d5 3. exd5 cxd5 4. c4 Nf6 5. Nc3 Nc6 6. Nf3 Bg4 7. cxd5 Nxd5 8.
Qb3 Bxf3 9. gxf3 e6 10. Qxb7 Nxd4 11. Bb5+ Nxb5 12. Qc6+ Ke7 13. Qxb5 Qd7 14.
Qxd7+ Kxd7 15. Nxd5 exd5 16. Be3 Bb4+ 17. Ke2 Rac8 18. Kd3 Rc7 19. Rac1 Rhc8
20. Rxc7+ Rxc7 21. Rg1 g6 22. Rg4 Ba5 23. b4 Bb6 24. a4 Rb7 25. a5 Bxe3 26.
fxe3 f5 27. Rd4 Ke6 28. h4 Rb5 29. f4 Kf6 30. Kc3 a6 31. Rd2 Ke6 32. Kb3 Kd6
33. h5 Rb7 34. hxg6 Re7 35. Rg2 Rxe3+ 36. Kc2 hxg6 37. Rxg6+ Kc7 38. Rxa6 Re4
39. b5 Rxf4 40. Ra7+ Kb8 41. Rd7 Rc4+ 42. Kd3 Rc7 43. Rxd5 Rf7 44. Ke3 f4+ 45.
Kf3 Kc7 46. Rc5+ Kb7 47. Rc4 Rf5 48. Rb4 Ka7 49. Kg4 Re5 50. Kxf4 Re1 51. Rc4
1-0

[Event "II Weekend A"]
[Site "Siracusa ITA"]
[Date "1997.01.18"]
[Round "2"]
[White "Alaimo, Riccardo"]
[Black "Bottini, Paolo"]
[Result "1-0"]
[WhiteElo "2059"]
[BlackElo "1956"]
[PlyCount "57"]
[EventDate "1997.01.18"]

1. e4 c5 2. Nc3 Nc6 3. f4 g6 4. Nf3 Bg7 5. Bc4 e6 6. d3 Nge7 7. O-O d5 8. Bb3
O-O 9. Qe1 Nd4 10. Nxd4 cxd4 11. Ne2 dxe4 12. dxe4 d3 13. Nc3 dxc2 14. Bxc2 Bd7
15. Be3 Qa5 16. Rd1 Rfd8 17. Qh4 Bxc3 18. bxc3 Nc6 19. Qf6 Rac8 20. Rd5 exd5
21. f5 dxe4 22. fxg6 hxg6 23. Qxf7+ Kh8 24. Qf6+ Kh7 25. Qh4+ Qh5 26. Rf7+ Kg8
27. Qf6 Qh7 28. Bb3 Qxf7 29. Bxf7+ 1-0

[Event "II Weekend A"]
[Site "Siracusa ITA"]
[Date "1997.11.25"]
[Round "5"]
[White "Alaimo, Riccardo"]
[Black "Fabiano, Giuseppe"]
[Result "1-0"]
[WhiteElo "2059"]
[BlackElo "2240"]
[PlyCount "67"]
[EventDate "1997.01.18"]

1. e4 e5 2. Nf3 d6 3. d4 exd4 4. Nxd4 g6 5. Nc3 Bg7 6. Be3 Nf6 7. Qd2 O-O 8.
O-O-O Nc6 9. f3 Nxd4 10. Bxd4 Be6 11. g4 c5 12. Be3 Qa5 13. Bh6 Bxa2 14. h4 Be6
15. Bxg7 Kxg7 16. h5 Rae8 17. Qf4 Ng8 18. Bb5 Rd8 19. g5 f6 20. hxg6 hxg6 21.
Qh4 Rf7 22. Qh8+ Kf8 23. Rh6 a6 24. Rxg6 Ke7 25. Rxg8 Rxg8 26. Qxg8 axb5 27. g6
Rf8 28. Qg7+ Ke8 29. Rxd6 Bc8 30. Rxf6 Rxf6 31. Qxf6 Qa6 32. Qf7+ Kd8 33. g7
Qh6+ 34. Kb1 1-0

[Event "IX Festival FIDE"]
[Site "Robecchetto con Induno ITA"]
[Date "1997.01.??"]
[Round "1"]
[White "Cavallini, Gianfranco"]
[Black "Colombo, Alberto"]
[Result "0-1"]
[WhiteElo "2016"]
[BlackElo "2100"]
[PlyCount "92"]
[EventDate "1997.01.04"]

1. e4 e6 2. d4 d5 3. exd5 exd5 4. Bd3 Bd6 5. Nf3 Ne7 6. O-O O-O 7. Re1 Nbc6 8.
Bg5 f6 9. Bh4 Bf5 10. Bxf5 Nxf5 11. Bg3 Qd7 12. Qd3 Nce7 13. c4 c6 14. c5 Bxg3
15. hxg3 Ng6 16. Nc3 Rfe8 17. b4 Re7 18. Rxe7 Nfxe7 19. b5 Qf5 20. Qxf5 Nxf5
21. bxc6 bxc6 22. Rb1 Re8 23. Kf1 h5 24. a4 Nf8 25. a5 Ne6 26. Ne2 g5 27. Rb4
Re7 28. Nd2 Nc7 29. Rb8+ Kf7 30. Rc8 Nb5 31. Nb3 Re4 32. a6 Re8 33. Rxe8 Kxe8
34. Ke1 Nc7 35. Kd2 Nxa6 36. Kc3 Kd7 37. f3 Ne3 38. Na1 Nxg2 39. Nc2 h4 40.
gxh4 gxh4 41. Kd2 h3 42. Ng3 Nc7 43. Ke2 Ne6 44. Kf2 Ngf4 45. Nh1 a5 46. Kg3
Ne2+ 0-1

[Event "IX Festival FIDE"]
[Site "Robecchetto con Induno ITA"]
[Date "1997.01.??"]
[Round "1"]
[White "Dorighet, Claudio"]
[Black "Guerrini, Donato"]
[Result "1/2-1/2"]
[WhiteElo "2090"]
[BlackElo "1951"]
[PlyCount "97"]
[EventDate "1997.01.04"]

1. c4 e6 2. Nc3 Nf6 3. e4 d6 4. g3 b6 5. Bg2 Bb7 6. Nge2 c5 7. O-O Qc8 8. b3
Be7 9. Bb2 O-O 10. d4 Nbd7 11. d5 e5 12. Qd3 Rd8 13. Bh3 g5 14. Bf5 Qb8 15. Bc1
Ne8 16. Qf3 Ng7 17. Bxd7 Rxd7 18. Qg4 Qd8 19. Qf3 h5 20. h3 Bc8 21. g4 h4 22.
Be3 Rb7 23. Rfb1 a5 24. Nc1 Bd7 25. Qe2 Be8 26. a3 Rba7 27. Ra2 Qb8 28. Rab2
Rb7 29. Qd2 f6 30. b4 axb4 31. axb4 Raa7 32. Nd3 Qa8 33. bxc5 bxc5 34. Rxb7
Rxb7 35. Rxb7 Qxb7 36. Qb2 Qxb2 37. Nxb2 Bd7 38. Bd2 Bd8 39. Nb5 Ne8 40. Kf1
Kf7 41. f3 Ke7 42. Ke2 Nc7 43. Nxc7 Bxc7 44. Kd3 Kd8 45. Kc2 Kc8 46. Kb3 Kb7
47. Nd1 Ka6 48. Ne3 Bd8 49. Nf5 1/2-1/2

[Event "IX Festival FIDE"]
[Site "Robecchetto con Induno ITA"]
[Date "1997.01.??"]
[Round "1"]
[White "Malano, Francesco"]
[Black "Hitzgerova, Gabriela"]
[Result "0-1"]
[WhiteElo "2070"]
[BlackElo "2170"]
[PlyCount "124"]
[EventDate "1997.01.04"]

1. Nf3 Nf6 2. b3 g6 3. Bb2 Bg7 4. g3 d6 5. d4 c6 6. Bg2 O-O 7. O-O Qa5 8. c4
Qh5 9. Nc3 Bh3 10. e4 Ng4 11. Ne2 Bh6 12. Bc1 Bxc1 13. Rxc1 e5 14. Qd2 Nd7 15.
Qg5 Qxg5 16. Nxg5 Bxg2 17. Kxg2 Ngf6 18. f3 h6 19. Nh3 d5 20. dxe5 Nxe5 21.
exd5 cxd5 22. c5 Rfe8 23. Nd4 Nc6 24. Rcd1 Rac8 25. Nxc6 bxc6 26. Kf2 Nd7 27.
b4 Rb8 28. a3 a5 29. Rd4 Ne5 30. Rfd1 Nc4 31. Nf4 axb4 32. axb4 Rxb4 33. Nd3
Rb3 34. Nc1 Rb2+ 35. Kg1 Re3 36. R4d3 Rc2 37. Rxe3 Nxe3 38. Re1 Nf5 39. Nd3 Rc3
40. Rd1 Kf8 41. Rd2 Nd4 42. Kf2 Nb3 43. Rd1 Nxc5 44. Nb4 Ne6 45. h4 d4 46. g4
c5 47. Nd5 Rc2+ 48. Kg3 g5 49. h5 c4 50. f4 gxf4+ 51. Kf3 d3 52. Ke4 Re2+ 53.
Kf5 Kg7 54. Nb6 Rc2 55. Nd5 d2 56. Ke4 Rb2 57. Nc3 Rc2 58. Nd5 f3 59. Kxf3 c3
60. Ke4 Rc1 61. Nxc3 Rxc3 62. Rxd2 Rg3 0-1

[Event "IX Festival FIDE"]
[Site "Robecchetto con Induno ITA"]
[Date "1997.01.??"]
[Round "1"]
[White "Pagnoncelli, Marco"]
[Black "Moncher, Stefano"]
[Result "0-1"]
[WhiteElo "2115"]
[BlackElo "2200"]
[PlyCount "62"]
[EventDate "1997.01.04"]

1. e4 e6 2. d4 d5 3. exd5 exd5 4. Nf3 Bd6 5. c4 dxc4 6. Bxc4 Nf6 7. O-O O-O 8.
Bg5 Bg4 9. Nbd2 Nc6 10. h3 Bh5 11. g4 Bg6 12. Re1 Re8 13. Rxe8+ Qxe8 14. Bxf6
gxf6 15. Qe1 f5 16. g5 Bf4 17. Bb5 Qxe1+ 18. Rxe1 Bxd2 19. Nxd2 Nxd4 20. Bc4
Kf8 21. Kg2 Bh5 22. Re5 Rd8 23. Nf1 Bf3+ 24. Kg3 Be4 25. h4 c6 26. a3 b5 27.
Ba2 Ne2+ 28. Kh2 Rd1 29. Ng3 Nxg3 30. Kxg3 Rd3+ 31. Kh2 Rd2 0-1

[Event "IX Festival FIDE"]
[Site "Robecchetto con Induno ITA"]
[Date "1997.01.??"]
[Round "1"]
[White "Podini, Francesco"]
[Black "Barlocco, Carlo"]
[Result "0-1"]
[WhiteElo "2010"]
[BlackElo "2150"]
[PlyCount "68"]
[EventDate "1997.01.04"]

1. c4 Nf6 2. Nc3 e6 3. e4 d5 4. e5 d4 5. exf6 dxc3 6. bxc3 Qxf6 7. d4 Nc6 8.
Nf3 h6 9. Bd3 Bd6 10. O-O O-O 11. Re1 Rd8 12. Qe2 b6 13. Nd2 Bb7 14. Ne4 Qh4
15. g3 Qh3 16. Nxd6 Nxd4 17. Nxb7 Nxe2+ 18. Bxe2 Rd7 19. Bf3 Rd3 20. Bg2 Qh5
21. Nc5 Rd1 22. Be3 Rxa1 23. Rxa1 Rd8 24. Nb3 Rd1+ 25. Rxd1 Qxd1+ 26. Bf1 Qc2
27. Nc1 Qxc3 28. Be2 f5 29. Kg2 g5 30. Nb3 e5 31. Bd2 Qc2 32. c5 a5 33. cxb6
cxb6 34. Bb5 a4 0-1

[Event "IX Festival FIDE"]
[Site "Robecchetto con Induno ITA"]
[Date "1997.01.??"]
[Round "2"]
[White "Barlocco, Carlo"]
[Black "Colombo, Alberto"]
[Result "0-1"]
[WhiteElo "2150"]
[BlackElo "2100"]
[PlyCount "80"]
[EventDate "1997.01.04"]

1. d4 Nf6 2. Nf3 c5 3. c3 e6 4. Bg5 cxd4 5. cxd4 Nc6 6. Nc3 d5 7. e3 h6 8. Bxf6
gxf6 9. Bb5 Bd7 10. O-O a6 11. Bxc6 Bxc6 12. Re1 Bg7 13. Rc1 O-O 14. b4 Qd6 15.
Qb3 f5 16. g3 Rfc8 17. Rc2 Rc7 18. Rec1 Rac8 19. Ne1 f6 20. Nd3 Be8 21. Nc5 Bh5
22. b5 Bf8 23. b6 Rg7 24. Nd3 Rc4 25. Na4 Rxc2 26. Qxc2 e5 27. Qc8 Qa3 28. Ndb2
f4 29. Qe6+ Kh7 30. Qxf6 fxe3 31. Rc3 e2 32. Qxe5 Qxa2 33. Rc1 Bg4 34. Qf4 Bb4
35. f3 Bd7 36. Qe3 e1=Q+ 37. Rxe1 Bxe1 38. Qxe1 Bxa4 39. Nd3 Qc4 40. Qe3 Bb5
0-1

[Event "IX Festival FIDE"]
[Site "Robecchetto con Induno ITA"]
[Date "1997.01.??"]
[Round "2"]
[White "Guerrini, Donato"]
[Black "Pagnoncelli, Marco"]
[Result "1/2-1/2"]
[WhiteElo "1951"]
[BlackElo "2115"]
[PlyCount "160"]
[EventDate "1997.01.04"]

1. e4 c5 2. Nc3 Nc6 3. g3 g6 4. Bg2 Bg7 5. d3 d6 6. Be3 e6 7. Qd2 h5 8. Nf3 Nd4
9. Bxd4 cxd4 10. Ne2 Qb6 11. c3 dxc3 12. bxc3 Bd7 13. O-O Ne7 14. Rab1 Qa6 15.
Nfd4 Rc8 16. f4 b6 17. h4 Qa5 18. Rfc1 O-O 19. Nf3 Rc7 20. Kh2 Rfc8 21. c4 Rc5
22. Bh3 Qxd2 23. Nxd2 Ra5 24. Rc2 Nc6 25. Nf3 Ra4 26. Nc1 Nb4 27. Re2 a5 28.
Ng5 Rc5 29. e5 d5 30. Nb3 Rc7 31. cxd5 Nxd5 32. Ne4 Bc8 33. Rc1 Rxc1 34. Nxc1
Ba6 35. Rd2 Bf8 36. Bg2 Ba3 37. Ne2 Bb4 38. Rc2 Bxd3 39. Rc8+ Kg7 40. N4c3 Bxc3
41. Nxc3 Nxc3 42. Rxc3 Bf5 43. a3 Rd4 44. Bc6 Rd3 45. Rxd3 Bxd3 46. a4 f6 47.
Kg2 fxe5 48. fxe5 Kf7 49. Kf2 Ke7 50. Ke3 Bf5 51. Kd4 Kd8 52. Bb5 Kc7 53. Be8
Kd8 54. Bb5 Bc2 55. Kc3 Bb1 56. Bc4 Ke7 57. Kd4 Bc2 58. Bb5 Bb3 59. Kc3 Bd5 60.
Kb2 Bb7 61. Kb3 Bc8 62. Bd3 Kf7 63. Bb5 g5 64. Be2 Kg6 65. Bd3+ Kh6 66. Bb5
gxh4 67. gxh4 Bb7 68. Bd3 Bc6 69. Ka3 Kg7 70. Bc4 Bd7 71. Be2 Be8 72. Bc4 Kf7
73. Be2 Ke7 74. Kb3 Kd8 75. Bc4 Bf7 76. Bb5 Kc7 77. Ka3 Bg6 78. Bc4 Bf7 79. Bb5
Bg6 80. Bc4 Bf7 1/2-1/2

[Event "IX Festival FIDE"]
[Site "Robecchetto con Induno ITA"]
[Date "1997.01.??"]
[Round "2"]
[White "Hitzgerova, Gabriela"]
[Black "Scavo, Fernando"]
[Result "1/2-1/2"]
[WhiteElo "2170"]
[BlackElo "2155"]
[PlyCount "30"]
[EventDate "1997.01.04"]

1. e4 e6 2. d4 d5 3. Nd2 c5 4. exd5 exd5 5. Ngf3 Nc6 6. Bb5 Bd6 7. dxc5 Bxc5 8.
Nb3 Bd6 9. O-O Nge7 10. c3 O-O 11. Bg5 a6 12. Be2 f6 13. Bh4 Ne5 14. Bg3 Be6
15. Nbd4 Bf7 1/2-1/2

[Event "IX Festival FIDE"]
[Site "Robecchetto con Induno ITA"]
[Date "1997.01.??"]
[Round "2"]
[White "Malano, Francesco"]
[Black "Podini, Francesco"]
[Result "1/2-1/2"]
[WhiteElo "2070"]
[BlackElo "2010"]
[PlyCount "122"]
[EventDate "1997.01.04"]

1. Nf3 c5 2. b3 Nc6 3. Bb2 d6 4. c4 Nf6 5. Nc3 e6 6. e3 a6 7. Be2 Be7 8. O-O
O-O 9. d4 Rb8 10. Qd2 Qa5 11. e4 cxd4 12. Nxd4 Nxd4 13. Qxd4 Bd7 14. a4 Bc6 15.
Ba3 Rfe8 16. Rfd1 Qe5 17. f3 Qxd4+ 18. Rxd4 d5 19. Bxe7 Rxe7 20. e5 Nd7 21. f4
dxc4 22. Bxc4 b5 23. axb5 axb5 24. Nxb5 Bxb5 25. Bxb5 Rxb5 26. Rxd7 Re8 27.
Raa7 Rf8 28. Rab7 Rxb7 29. Rxb7 g6 30. Rd7 Rc8 31. Rd2 Rc1+ 32. Kf2 Rb1 33. Rd3
Rb2+ 34. Kf3 Kg7 35. h4 h6 36. g3 g5 37. hxg5 hxg5 38. Ke3 Kg6 39. fxg5 Kf5 40.
Kd4 Re2 41. Rf3+ Kxg5 42. Re3 Rd2+ 43. Kc4 f6 44. exf6 Kxf6 45. b4 e5 46. b5
Ke6 47. Kc5 Rc2+ 48. Kb6 Kd5 49. Rd3+ Kc4 50. Rd7 Kb4 51. Rg7 e4 52. Re7 Re2
53. g4 Kc4 54. Kc6 Kd4 55. b6 Rc2+ 56. Kb7 e3 57. Kb8 Rg2 58. Ra7 e2 59. Re7
Kd3 60. Rd7+ Kc2 61. Re7 Kd2 1/2-1/2

[Event "IX Festival FIDE"]
[Site "Robecchetto con Induno ITA"]
[Date "1997.01.??"]
[Round "2"]
[White "Moncher, Stefano"]
[Black "Dorighet, Claudio"]
[Result "1-0"]
[WhiteElo "2200"]
[BlackElo "2090"]
[PlyCount "59"]
[EventDate "1997.01.04"]

1. e4 c5 2. d4 cxd4 3. c3 dxc3 4. Nxc3 Nc6 5. Nf3 e6 6. Bc4 Nf6 7. Qe2 Qc7 8.
e5 Ng4 9. Bf4 f6 10. Nd5 Qa5+ 11. Bd2 Qd8 12. exf6 Nxf6 13. O-O Nxd5 14. Bxd5
Be7 15. Bb3 O-O 16. Rad1 Bf6 17. Bf4 d5 18. Bg3 Bd7 19. Rfe1 Qb6 20. Rd2 Rfe8
21. h4 Nd4 22. Nxd4 Bxd4 23. Qd3 Bf6 24. Bc2 h6 25. Qh7+ Kf8 26. Bg6 Rec8 27.
Rxd5 Ke7 28. Bh5 Rc6 29. Qd3 Rd8 30. Qa3+ 1-0

[Event "IX Festival FIDE"]
[Site "Robecchetto con Induno ITA"]
[Date "1997.01.??"]
[Round "2"]
[White "Sgnaolin, Davide"]
[Black "Cavallini, Gianfranco"]
[Result "0-1"]
[WhiteElo "2065"]
[BlackElo "2016"]
[PlyCount "117"]
[EventDate "1997.01.04"]

1. e4 e6 2. d4 d5 3. Nc3 dxe4 4. Nxe4 Nf6 5. Nxf6+ gxf6 6. Nf3 b6 7. c3 Bb7 8.
Bf4 Qd7 9. Qc2 Nc6 10. O-O-O Ne7 11. c4 Bxf3 12. gxf3 Ng6 13. Be3 c6 14. Bh3 f5
15. Kb1 Rc8 16. Rhe1 Bg7 17. Qd3 O-O 18. Bf1 b5 19. Be2 bxc4 20. Qxc4 Qb7 21.
Bc1 Rfd8 22. h4 Rb8 23. b3 Qb4 24. h5 Qxc4 25. Bxc4 Ne7 26. Rg1 Kf8 27. Bf4 Rb4
28. Be5 Bxe5 29. dxe5 Rxd1+ 30. Rxd1 Nd5 31. Kc2 Kg7 32. a3 Rb7 33. Bxd5 cxd5
34. f4 Rc7+ 35. Kd3 Kh6 36. Rh1 Rb7 37. Kc2 Rb8 38. f3 Rg8 39. Rh3 Rg1 40. Kc3
a5 41. b4 a4 42. Rh2 Ra1 43. Kb2 Rf1 44. Rh3 Rf2+ 45. Ka1 d4 46. b5 d3 47. Rh1
Rc2 48. Rd1 Rc3 49. Ka2 Rb3 50. b6 Kxh5 51. Rh1+ Kg6 52. Rg1+ Kh6 53. Rd1 Kg7
54. b7 h5 55. b8=Q Rxb8 56. Rxd3 h4 57. Rd2 Kh6 58. Rd4 h3 59. Rd2 0-1

[Event "IX Festival FIDE"]
[Site "Robecchetto con Induno ITA"]
[Date "1997.01.??"]
[Round "3"]
[White "Cavallini, Gianfranco"]
[Black "Hitzgerova, Gabriela"]
[Result "1-0"]
[WhiteElo "2016"]
[BlackElo "2170"]
[PlyCount "150"]
[EventDate "1997.01.04"]

1. e4 c5 2. Nf3 d6 3. Be2 Nf6 4. d3 g6 5. Nbd2 Bg7 6. O-O O-O 7. c3 Nc6 8. Re1
Qb6 9. Qc2 d5 10. h3 dxe4 11. dxe4 Qc7 12. a4 b6 13. Nc4 Bb7 14. Bf1 Nd7 15.
Bg5 Nde5 16. Nfxe5 Nxe5 17. Ne3 e6 18. Rad1 Nc6 19. Qd2 f6 20. Qd7 Qxd7 21.
Rxd7 Rf7 22. Red1 fxg5 23. Rxf7 Kxf7 24. Rd7+ Kf8 25. Rxb7 Ne5 26. Bc4 Nxc4 27.
Nxc4 h5 28. g4 Kg8 29. Kf1 Bf6 30. Ke2 Kf8 31. Nd6 Be5 32. Nb5 a6 33. Na3 b5
34. axb5 axb5 35. Rxb5 Rc8 36. Rb7 Bf4 37. Nc4 Rd8 38. Rb5 Rc8 39. Kf3 Rc7 40.
e5 Ke7 41. Ke4 Kd7 42. Rb8 hxg4 43. hxg4 Ke7 44. Rg8 Kf7 45. Rh8 Kg7 46. Re8
Rc6 47. Nd6 Rb6 48. Re7+ Kf8 49. Rb7 Ra6 50. Rf7+ Kg8 51. Rf6 Ra4+ 52. c4 Rb4
53. Rxg6+ Kf8 54. Rxe6 Rxb2 55. Kd5 Rxf2 56. Kxc5 Rg2 57. Re8+ Kg7 58. Nf5+ Kf7
59. Re7+ Kf8 60. e6 Be5 61. Rd7 Ke8 62. Ra7 Bb8 63. Ng7+ Kf8 64. e7+ Kxg7 65.
e8=Q+ Bxa7+ 66. Kc6 Rf2 67. Qe5+ Rf6+ 68. Kd7 Kg6 69. c5 Rf7+ 70. Ke8 Rf6 71.
c6 Bb6 72. c7 Bxc7 73. Qxc7 Kh6 74. Qh2+ Kg7 75. Qh5 Rg6 1-0

[Event "IX Festival FIDE"]
[Site "Robecchetto con Induno ITA"]
[Date "1997.01.??"]
[Round "3"]
[White "Colombo, Alberto"]
[Black "Moncher, Stefano"]
[Result "1/2-1/2"]
[WhiteElo "2100"]
[BlackElo "2200"]
[PlyCount "124"]
[EventDate "1997.01.04"]

1. Nf3 Nf6 2. d4 g6 3. Bg5 Bg7 4. Nbd2 d6 5. e4 c5 6. dxc5 dxc5 7. c3 O-O 8.
Be2 Nc6 9. O-O h6 10. Be3 b6 11. Qc2 Bb7 12. Rad1 Qc7 13. h3 Nh5 14. Rfe1 Nf4
15. Bf1 g5 16. g3 Ng6 17. Bg2 Rfd8 18. Nf1 Rxd1 19. Rxd1 Rd8 20. Bc1 Rd7 21.
Ne3 e6 22. a4 Ba6 23. Bf1 Bxf1 24. Kxf1 a6 25. Ke2 b5 26. axb5 axb5 27. Rxd7
Qxd7 28. Qd1 Qxd1+ 29. Nxd1 c4 30. Be3 f5 31. exf5 exf5 32. Bc5 f4 33. Nd4
Nxd4+ 34. cxd4 b4 35. Bxb4 Bxd4 36. Bc3 Bc5 37. g4 Kf7 38. Kf3 Ke6 39. Ke4 Nh4
40. Bg7 Ng2 41. Bd4 Bb4 42. Nc3 Ne1 43. Nd5 Ba5 44. h4 gxh4 45. Nxf4+ Kf7 46.
Nh3 Nc2 47. f4 Bd2 48. Kd5 Nxd4 49. Kxd4 Bc1 50. Kxc4 Bxb2 51. Kd5 Kf6 52. Nf2
Ba3 53. Ne4+ Kf7 54. Ke5 h3 55. Ng3 h2 56. Ke4 Bd6 57. Kf3 Ke6 58. Nh1 Kd5 59.
Ng3 Ke6 60. Nh1 Kf6 61. Nf2 Ke6 62. Kg3 Kd5 1/2-1/2

[Event "IX Festival FIDE"]
[Site "Robecchetto con Induno ITA"]
[Date "1997.01.??"]
[Round "3"]
[White "Dorighet, Claudio"]
[Black "Sgnaolin, Davide"]
[Result "1-0"]
[WhiteElo "2090"]
[BlackElo "2065"]
[PlyCount "103"]
[EventDate "1997.01.04"]

1. c4 e6 2. Nc3 d5 3. d4 c5 4. cxd5 exd5 5. Nf3 Nc6 6. g3 Nf6 7. Bg2 Be7 8. O-O
O-O 9. dxc5 Bxc5 10. Na4 Be7 11. Be3 Be6 12. Bc5 b6 13. Bxe7 Qxe7 14. Nd4 Nxd4
15. Qxd4 Rac8 16. Rac1 Qd7 17. b3 Bh3 18. Nc3 Bxg2 19. Kxg2 h6 20. Rcd1 Rfd8
21. Rd3 Qe6 22. Rfd1 Rd7 23. R1d2 Rcd8 24. f3 Qc6 25. Qb4 a5 26. Qb5 Qxb5 27.
Nxb5 Rc8 28. Kf2 Rc5 29. a4 Kf8 30. e4 Ke7 31. e5 Ne8 32. f4 g6 33. g4 f6 34.
Re2 fxe5 35. Rxe5+ Kf7 36. g5 hxg5 37. fxg5 Ng7 38. Rf3+ Nf5 39. Nd4 Rd6 40. h4
Rd7 41. h5 Kg8 42. Nxf5 gxf5 43. Rexf5 Rc2+ 44. Ke3 d4+ 45. Kd3 Rc3+ 46. Kd2
Rc6 47. g6 Re6 48. Rf6 Rde7 49. h6 Re8 50. Rxe6 Rxe6 51. h7+ Kg7 52. Rf8 1-0

[Event "IX Festival FIDE"]
[Site "Robecchetto con Induno ITA"]
[Date "1997.01.??"]
[Round "3"]
[White "Pagnoncelli, Marco"]
[Black "Malano, Francesco"]
[Result "1-0"]
[WhiteElo "2115"]
[BlackElo "2070"]
[PlyCount "51"]
[EventDate "1997.01.04"]

1. e4 c5 2. Nf3 Nc6 3. d4 cxd4 4. Nxd4 g6 5. Nc3 Bg7 6. Be3 Nf6 7. Bc4 Ne5 8.
Bb3 Neg4 9. Bg5 Qa5 10. Bxf6 Nxf6 11. Qd3 O-O 12. O-O-O Qg5+ 13. Kb1 Qxg2 14.
f4 d6 15. f5 Bd7 16. Rhg1 Qxh2 17. fxg6 hxg6 18. Rxg6 Ng4 19. Nf5 Bxf5 20. exf5
Ne5 21. Qg3 Qxg3 22. Rxg3 Kh7 23. Rh1+ Bh6 24. Ne4 f6 25. Rgh3 Ng4 26. Nf2 1-0

[Event "IX Festival FIDE"]
[Site "Robecchetto con Induno ITA"]
[Date "1997.01.??"]
[Round "3"]
[White "Podini, Francesco"]
[Black "Guerrini, Donato"]
[Result "1-0"]
[WhiteElo "2010"]
[BlackElo "1951"]
[PlyCount "121"]
[EventDate "1997.01.04"]

1. c4 e6 2. Nc3 Nf6 3. e4 d6 4. g3 b6 5. Bg2 Bb7 6. Nge2 c5 7. O-O Qc8 8. d3
Be7 9. h3 O-O 10. f4 Nc6 11. Be3 Nd7 12. Qd2 a6 13. b3 Bf6 14. d4 cxd4 15. Nxd4
Nxd4 16. Bxd4 Rd8 17. Rac1 Bxd4+ 18. Qxd4 Qc5 19. Rfd1 Nf6 20. Kh2 Qxd4 21.
Rxd4 e5 22. Rd2 Rac8 23. Rcd1 exf4 24. gxf4 Ne8 25. e5 Bxg2 26. Kxg2 b5 27. Rd4
bxc4 28. bxc4 g5 29. exd6 Rc6 30. d7 Ng7 31. fxg5 Kf8 32. h4 Nf5 33. Re4 Rxc4
34. Rxc4 Ne3+ 35. Kg3 Nxc4 36. Ne4 Ne5 37. Nf6 Kg7 38. Rd5 Ng6 39. Rc5 Ne7 40.
Re5 Nc6 41. Re8 Kg6 42. Kf4 h6 43. gxh6 Kxh6 44. h5 Nd4 45. Rxd8 Ne6+ 46. Ke5
Nxd8 47. Kd6 Kg7 48. Ne8+ Kh6 49. Ke7 Nc6+ 50. Kxf7 Kxh5 51. Nc7 a5 52. Ne6 Kg4
53. Nd4 Nd8+ 54. Kf6 Kg3 55. Ke5 Kf2 56. a4 Ke3 57. Kd5 Kd3 58. Nc6 Nb7 59.
Nxa5 Nd8 60. Nc6 Nb7 61. a5 1-0

[Event "IX Festival FIDE"]
[Site "Robecchetto con Induno ITA"]
[Date "1997.01.??"]
[Round "3"]
[White "Scavo, Fernando"]
[Black "Barlocco, Carlo"]
[Result "1-0"]
[WhiteElo "2155"]
[BlackElo "2150"]
[PlyCount "63"]
[EventDate "1997.01.04"]

1. e4 c5 2. c3 d5 3. exd5 Qxd5 4. d4 e6 5. Nf3 Nc6 6. Be3 cxd4 7. cxd4 Nf6 8.
Nc3 Qd8 9. a3 Bd6 10. Bc4 O-O 11. O-O Bd7 12. Bg5 Be7 13. Qe2 Rc8 14. Rad1 Re8
15. Ba2 Qa5 16. Ne5 Rcd8 17. Bxf6 Bxf6 18. Nxd7 Rxd7 19. d5 Nd4 20. Qg4 h5 21.
Qe4 Qc5 22. dxe6 fxe6 23. Rfe1 Rde7 24. Qg6 Qf5 25. Bb1 Qxg6 26. Bxg6 Rc8 27.
Ne4 e5 28. h3 h4 29. Nxf6+ gxf6 30. Rxd4 f5 31. Bxf5 Rf8 32. Rg4+ 1-0

[Event "IX Festival FIDE"]
[Site "Robecchetto con Induno ITA"]
[Date "1997.01.??"]
[Round "4"]
[White "Colombo, Alberto"]
[Black "Scavo, Fernando"]
[Result "1/2-1/2"]
[WhiteElo "2100"]
[BlackElo "2155"]
[PlyCount "96"]
[EventDate "1997.01.04"]

1. d4 e6 2. Nf3 d5 3. Bf4 Bd6 4. Bxd6 cxd6 5. Nbd2 Nf6 6. e3 O-O 7. Bd3 Qb6 8.
Rb1 Nc6 9. c3 e5 10. dxe5 dxe5 11. e4 Be6 12. Qa4 Rad8 13. Bc2 d4 14. O-O Nd7
15. cxd4 exd4 16. b4 Nce5 17. Bb3 Bg4 18. Nxe5 Nxe5 19. Nc4 Nxc4 20. Bxc4 d3
21. h3 Be2 22. Rfe1 Qg6 23. Bd5 Bf3 24. g3 d2 25. Red1 Qh5 26. Kh2 Bg4 27. h4
Bxd1 28. Qxd1 Rxd5 29. exd5 Qxd5 30. Qa4 Rd8 31. Rd1 a6 32. Qa5 h6 33. Qxd5
Rxd5 34. Kg2 Kf8 35. Kf3 Ke7 36. Ke3 Ke6 37. Rxd2 Rxd2 38. Kxd2 Kd5 39. Kd3 h5
40. f3 f6 41. g4 g6 42. a3 f5 43. gxh5 gxh5 44. Ke3 Ke5 45. a4 a5 46. bxa5 f4+
47. Kd3 Kd5 48. Kc3 Kc5 1/2-1/2

[Event "IX Festival FIDE"]
[Site "Robecchetto con Induno ITA"]
[Date "1997.01.??"]
[Round "4"]
[White "Guerrini, Donato"]
[Black "Barlocco, Carlo"]
[Result "0-1"]
[WhiteElo "1951"]
[BlackElo "2150"]
[PlyCount "70"]
[EventDate "1997.01.04"]

1. e4 c5 2. Nc3 Nc6 3. g3 g6 4. Bg2 Bg7 5. d3 Nf6 6. Be3 d6 7. Qd2 Ng4 8. Nge2
Nxe3 9. fxe3 Ne5 10. h3 Bd7 11. Nf4 b5 12. a3 O-O 13. Rb1 a5 14. O-O e6 15.
Nce2 Bc6 16. b3 Nd7 17. d4 Nf6 18. e5 Ne4 19. Bxe4 Bxe4 20. exd6 Qxd6 21. Rbd1
cxd4 22. exd4 Qxa3 23. Nc3 Bc6 24. Qd3 Qb4 25. Na2 Qd6 26. c4 Rfd8 27. d5 a4
28. dxc6 Qc5+ 29. Rf2 Rxd3 30. Nxd3 Qxc6 31. cxb5 Qxb5 32. bxa4 Qxa4 33. Rfd2
Rd8 34. Ndc1 Qxd1+ 35. Rxd1 Rxd1+ 0-1

[Event "IX Festival FIDE"]
[Site "Robecchetto con Induno ITA"]
[Date "1997.01.??"]
[Round "4"]
[White "Hitzgerova, Gabriela"]
[Black "Dorighet, Claudio"]
[Result "1-0"]
[WhiteElo "2170"]
[BlackElo "2090"]
[PlyCount "99"]
[EventDate "1997.01.04"]

1. e4 c5 2. Nf3 d6 3. d4 cxd4 4. Nxd4 Nf6 5. Nc3 g6 6. Be2 Bg7 7. O-O Nc6 8.
Nb3 O-O 9. Bg5 Be6 10. f4 a6 11. Kh1 Rc8 12. Bf3 Na5 13. Nxa5 Qxa5 14. Nd5 Bxd5
15. exd5 h6 16. Bh4 Qb4 17. Qe2 Rc7 18. c3 Qxf4 19. Bf2 Qc4 20. Qd1 b5 21. Bd4
b4 22. b3 Qb5 23. c4 Qa5 24. Qe1 Nh7 25. Bxg7 Kxg7 26. a3 Rb8 27. Ra2 Qc5 28.
a4 a5 29. Bd1 Nf6 30. Raf2 Rf8 31. Rf4 Qa7 32. Qd2 Qb8 33. Qf2 Qa7 34. Qf3 Rd7
35. Bc2 Qb8 36. Bb1 Qd8 37. Kg1 Qb6+ 38. Kh1 Qd8 39. g4 Rc7 40. Kg2 Qe8 41. Qd3
Ng8 42. Qd4+ Kh7 43. h4 e5 44. dxe6 Qxe6 45. h5 Re8 46. Be4 Ree7 47. Bd5 Qe5
48. Qxe5 dxe5 49. Rxf7+ Kh8 50. hxg6 1-0

[Event "IX Festival FIDE"]
[Site "Robecchetto con Induno ITA"]
[Date "1997.01.??"]
[Round "4"]
[White "Moncher, Stefano"]
[Black "Cavallini, Gianfranco"]
[Result "1-0"]
[WhiteElo "2200"]
[BlackElo "2016"]
[PlyCount "61"]
[EventDate "1997.01.04"]

1. e4 e5 2. Nf3 d6 3. d4 Nf6 4. Nc3 Nbd7 5. Bc4 Be7 6. O-O O-O 7. Re1 c6 8. a4
a5 9. b3 Qc7 10. Ba3 Nb6 11. h3 Nxc4 12. bxc4 Be6 13. d5 cxd5 14. Nxd5 Bxd5 15.
cxd5 Rfc8 16. Nxe5 Ne8 17. Nf3 Qxc2 18. Rc1 Qxd1 19. Rexd1 Kf8 20. Nd4 Bg5 21.
Rxc8 Rxc8 22. Nb5 Ke7 23. e5 Kd7 24. Bxd6 Rc4 25. Bf8 Rxa4 26. g3 g6 27. h4 Bd8
28. e6+ fxe6 29. dxe6+ Kc8 30. Na7+ Kc7 31. Rd7+ 1-0